Kerjasama serantau dan ekonomi digital / (Record no. 27)

000 -LEADER
fixed length control field nam a22 a 4500
003 - CONTROL NUMBER IDENTIFIER
control field AKMAL
005 - DATE AND TIME OF LATEST TRANSACTION
control field 20170413120758.0
008 - FIXED-LENGTH DATA ELEMENTS--GENERAL INFORMATION
fixed length control field 170413s2003 mm e i 001 0 may
020 ## - INTERNATIONAL STANDARD BOOK NUMBER
International Standard Book Number 9676113670 (kkt.) :
Terms of availability RM26.10
040 ## - CATALOGING SOURCE
Original cataloging agency AKMAL
082 04 - DEWEY DECIMAL CLASSIFICATION NUMBER
Classification number 337.595
Edition number 21
090 00 - LOCALLY ASSIGNED LC-TYPE CALL NUMBER (OCLC); LOCAL CALL NUMBER (RLIN)
Classification number (OCLC) (R) ; Classification number, CALL (RLIN) (NR) 337.595
Local cutter number (OCLC) ; Book number/undivided call number, CALL (RLIN) KER
100 0# - MAIN ENTRY--PERSONAL NAME
Personal name Mahathir Mohamad,
Titles and words associated with a name Tun,
Dates associated with a name 1925-
9 (RLIN) 41
245 10 - TITLE STATEMENT
Title Kerjasama serantau dan ekonomi digital /
Statement of responsibility, etc. ucapan pilihan Dr. Mahathir Mohamad /
-- editor Hashim Makaruddin, penterjemah Rahayu Ibrahim, Suziana Abd. Aziz
260 00 - PUBLICATION, DISTRIBUTION, ETC.
Place of publication, distribution, etc. Kuala Lumpur :
Name of publisher, distributor, etc. Utusan Publications & Distributors ,
Date of publication, distribution, etc. 2003
300 00 - PHYSICAL DESCRIPTION
Extent x, 179ms. ;
Dimensions 25cm.
500 ## - GENERAL NOTE
General note Mengandungi indeks
500 ## - GENERAL NOTE
General note Koleksi Peribadi YABhg. Tun Ahmad Sarji (2100436, 2100535, 2100536, 2100537)
599 ## - LOCAL NOTE
Local Note DALAM PROSES
650 #0 - SUBJECT ADDED ENTRY--TOPICAL TERM
Topical term or geographic name entry element Electronic commerce
General subdivision Economic aspects
9 (RLIN) 98
650 #0 - SUBJECT ADDED ENTRY--TOPICAL TERM
Topical term or geographic name entry element Information technology
General subdivision Economic aspects
9 (RLIN) 99
651 #0 - SUBJECT ADDED ENTRY--GEOGRAPHIC NAME
Geographic name Malaysia
General subdivision Foreign economic relations
9 (RLIN) 12
700 0# - ADDED ENTRY--PERSONAL NAME
Personal name Rahayu Ibrahim
9 (RLIN) 100
700 0# - ADDED ENTRY--PERSONAL NAME
Personal name Hashim Makaruddin
9 (RLIN) 58
700 0# - ADDED ENTRY--PERSONAL NAME
Personal name Suziana Abd. Aziz
9 (RLIN) 101
942 ## - ADDED ENTRY ELEMENTS (KOHA)
Source of classification or shelving scheme
Koha item type Book
Holdings
Withdrawn status Lost status Source of classification or shelving scheme Damaged status Not for loan Collection code Home library Current library Shelving location Date acquired Inventory number Total Checkouts Full call number Barcode Date last seen Price effective from Koha item type
          NON-FICTION AKMAL Melaka AKMAL Melaka PINJAMAN 13.04.2017 303529   337.595 KER 201700058 13.04.2017 13.04.2017 Book
          NON-FICTION AKMAL Melaka AKMAL Melaka PINJAMAN 11.05.2017 303906   337.595 MAH 201705647 11.05.2017 11.05.2017 Book
Pusat Sumber Maklumat Dato' Haji Sarmin Md Hussin, Akademi Kastam Diraja Malaysia, Melaka
Tel: 06-2331106 | Faks: 06-2313787